000 00315nam a2200145Ia 4500
008 230718s9999 xx 000 0 und d
041 _aEng.
082 _a823
_bVOR-B
100 _aVornall, Thon
245 0 _aBaby lim
260 _aPakistan
_bMichael Grac
_c1993
300 _a232
650 _aLaw
999 _c26172
_d26172